| 000 | 01352cam a2200361 a 4500 | ||
|---|---|---|---|
| 999 |
_c6446 _d6446 |
||
| 001 | 565126 | ||
| 003 | OSt | ||
| 005 | 20200122114811.0 | ||
| 008 | 890519s1989 enk b 001 0 eng | ||
| 010 | _a 89032718 | ||
| 020 | _a1850003122 | ||
| 020 | _a1850003173 (pbk.) | ||
| 040 |
_aDLC _cDLC _dDLC |
||
| 043 | _an-us--- | ||
| 050 | 0 | 0 |
_aLC225.3 _b.L37 1989 |
| 082 | 0 | 0 |
_a303.32 _220 _bLAR 1989 |
| 100 | 1 |
_aLareau, Annette. _95711 |
|
| 245 | 1 | 0 |
_aHome advantage : _bsocial class and parental intervention in elementary education / _cAnnette Lareau. |
| 260 |
_aLondon ; _aNew York : _bFalmer Press, _c1989. |
||
| 300 |
_aviii, 252 p. ; _c25 cm. |
||
| 440 | 0 |
_aEducation policy perspectives. _pSocial analysis series _913251 |
|
| 500 | _a"Education policy perspectives series"--Jkt. | ||
| 500 | _aIncludes index. | ||
| 504 | _aBibliography: p. 225-241. | ||
| 650 | 0 |
_aHome and school _zUnited States. _913252 |
|
| 650 | 0 |
_aSocial classes _zUnited States. _913253 |
|
| 650 | 0 |
_aEducation, Elementary _xParent participation _zUnited States. _913254 |
|
| 650 | 0 |
_aEducation, Elementary _xResearch _zUnited States. _913255 |
|
| 730 | 0 |
_aEducation policy perspectives series. _913256 |
|
| 906 |
_a7 _bcbc _corignew _d1 _eocip _f19 _gy-gencatlg |
||
| 942 |
_2ddc _cO_SHELF |
||